000
00249nam a2200109Ia 4500
008
200302s9999 xx 000 0 und d
100
_a
David Talbot Rice
245
_a
Islamic Art
260
_b
Thames and Hudson Ltd.
260
_c
1977
300
_a
287P.,
999
_c
266
_d
266